| 000 | 00375nam a2200145Ia 4500 | ||
|---|---|---|---|
| 008 | 240624s9999 xx 000 0 und d | ||
| 041 | _aeng | ||
| 082 | _a332.6 DAL | ||
| 100 | _aDALTON MICHAEL A | ||
| 245 | _aPERSONAL FINANCIAL PLANNING THEORY AND P | ||
| 250 | _a(5th ed.) | ||
| 260 |
_c2005 _aLouisiana _bKaplan Publishing |
||
| 300 | _a1068 : p. : cm. ; 24 | ||
| 365 | _c | ||
| 999 |
_c17102 _d17102 |
||